La presencia del indigena en la prensa capitalina del siglo XIX (Record no. 86164)
[ view plain ]
| 000 -LEADER | |
|---|---|
| fixed length control field | 01304nam a22002897a 4500 |
| 005 - DATE AND TIME OF LATEST TRANSACTION | |
| control field | 20250625124903.0 |
| 008 - FIXED-LENGTH DATA ELEMENTS--GENERAL INFORMATION | |
| fixed length control field | 250625b mx ||||| |||| 00| 0 spa d |
| 020 ## - INTERNATIONAL STANDARD BOOK NUMBER | |
| International Standard Book Number | 9684962134 (obra completa) |
| 020 ## - INTERNATIONAL STANDARD BOOK NUMBER | |
| International Standard Book Number | 9684962134 (tomo I) |
| 020 ## - INTERNATIONAL STANDARD BOOK NUMBER | |
| International Standard Book Number | 9684962150 (tomo II) |
| 020 ## - INTERNATIONAL STANDARD BOOK NUMBER | |
| International Standard Book Number | 9684962169 (tomo III) |
| 020 ## - INTERNATIONAL STANDARD BOOK NUMBER | |
| International Standard Book Number | 9684962274 (tomo IV) |
| 050 04 - LIBRARY OF CONGRESS CALL NUMBER | |
| Classification number | Z1209.2.M4 |
| Item number | P74 1992 |
| 245 13 - TITLE STATEMENT | |
| Title | La presencia del indigena en la prensa capitalina del siglo XIX |
| Statement of responsibility, etc | / Antonio Escobar Ohmstede, Teresa Rojas Rabiela, coords. ; colaboración especial de Patricia Lagos Preisser. |
| 250 ## - EDITION STATEMENT | |
| Edition statement | 1a ed. |
| 260 ## - PUBLICATION, DISTRIBUTION, ETC. (IMPRINT) | |
| Place of publication, distribution, etc | México : |
| Name of publisher, distributor, etc | Centro de Investigaciones y Estudios Superiores en Antropología Social : |
| -- | Instituto Nacional Indigenista, |
| Date of publication, distribution, etc | 1992 |
| 300 ## - PHYSICAL DESCRIPTION | |
| Extent | 4volumenes ; |
| Dimensions | 23 cm. |
| 490 0# - SERIES STATEMENT | |
| Series statement | Biblioteca Gonzalo Aguirre Beltrán ; |
| -- | Serie índices y catálogos |
| 505 0# - FORMATTED CONTENTS NOTE | |
| Formatted contents note | Contenido : |
| Title | t.1., t.2, t.3, t.4 Catálogo de noticias |
| 650 #7 - SUBJECT ADDED ENTRY--TOPICAL TERM | |
| Source of heading or term | lemb |
| Topical term or geographic name as entry element | Indios de México |
| General subdivision | Historia |
| Form subdivision | Fuentes |
| General subdivision | Catálogos |
| 650 #7 - SUBJECT ADDED ENTRY--TOPICAL TERM | |
| Source of heading or term | Lemb |
| Topical term or geographic name as entry element | Indios de Mexico |
| Form subdivision | Bibliografía |
| 650 #7 - SUBJECT ADDED ENTRY--TOPICAL TERM | |
| Source of heading or term | Lemb |
| Topical term or geographic name as entry element | Prensa |
| Geographic subdivision | México (Ciudad) |
| General subdivision | Historia |
| Chronological subdivision | Siglo XIX |
| 700 1# - ADDED ENTRY--PERSONAL NAME | |
| Personal name | Escobar Ohmstedem, Antonio, |
| Relator term | coordinador |
| 700 1# - ADDED ENTRY--PERSONAL NAME | |
| Personal name | Rojas Rabiela, Teresa, |
| Relator term | coordinador |
| 700 1# - ADDED ENTRY--PERSONAL NAME | |
| Personal name | Lagos Preisser, Patricia |
| Relator term | colaboradora |
| 942 ## - ADDED ENTRY ELEMENTS (KOHA) | |
| Source of classification or shelving scheme | Biblioteca del Cogreso de los Estados Unidos |
| Koha item type | Libro |
| Estado de pérdida | Fuente de clasificación | Estado del daño | No para préstamo | Ubicación permanente | Ubicación actual | Apartado o colección | Fecha de adquisición | Fuente de adquisición | Edición | Enumeración de Serie / Cronológica | Dependencia de educación superior (DES) | Área del conocimiento | Clasificación | Código de Barras | Date last seen | Número de copia | Costo por reposición | Tipo de recurso | Total Checkouts |
|---|---|---|---|---|---|---|---|---|---|---|---|---|---|---|---|---|---|---|---|
| Biblioteca del Cogreso de los Estados Unidos | Biblioteca del Instituto de Investigaciones Históricas | Biblioteca del Instituto de Investigaciones Históricas | General | 30/01/2019 | Donación | 1a ed. | T.I | Humanidades | Educación y Humanidades | Z1209.2.M4 P74 1992 | IIH000002687 | 30/01/2019 | 1 | 1.00 | Libro | ||||
| Biblioteca del Cogreso de los Estados Unidos | Biblioteca del Instituto de Investigaciones Históricas | Biblioteca del Instituto de Investigaciones Históricas | General | 30/01/2019 | 1a ed. | T.I | Humanidades | Educación y Humanidades | Z1209.2.M4 P74 1992 | IIH000002686 | 30/01/2019 | 2 | 1.00 | Libro | |||||
| Biblioteca del Cogreso de los Estados Unidos | Biblioteca del Instituto de Investigaciones Históricas | Biblioteca del Instituto de Investigaciones Históricas | General | 30/01/2019 | 1a ed. | T.II | Humanidades | Educación y Humanidades | Z1209.2.M4 P74 1993 | IIH000002685 | 30/01/2019 | 1 | 1.00 | Libro | |||||
| Biblioteca del Cogreso de los Estados Unidos | Biblioteca del Instituto de Investigaciones Históricas | Biblioteca del Instituto de Investigaciones Históricas | General | 30/01/2019 | 1a ed. | T.II | Humanidades | Educación y Humanidades | Z1209.2.M4 P74 1993 | IIH000002684 | 30/01/2019 | 2 | 1.00 | Libro | |||||
| Biblioteca del Cogreso de los Estados Unidos | Biblioteca del Instituto de Investigaciones Históricas | Biblioteca del Instituto de Investigaciones Históricas | General | 30/01/2019 | 1a ed. | T.III | Humanidades | Educación y Humanidades | Z1209.2.M4 P74 1993 | IIH000002683 | 30/01/2019 | 1 | 1.00 | Libro | |||||
| Biblioteca del Cogreso de los Estados Unidos | Biblioteca del Instituto de Investigaciones Históricas | Biblioteca del Instituto de Investigaciones Históricas | General | 30/01/2019 | 1a ed. | T.IV | Humanidades | Educación y Humanidades | Z1209.2.M4 P74 1993 | IIH000002675 | 30/01/2019 | 1 | 1.00 | Libro | |||||
| Biblioteca del Cogreso de los Estados Unidos | Biblioteca del Instituto de Investigaciones Históricas | Biblioteca del Instituto de Investigaciones Históricas | General | 30/01/2019 | 1a ed. | T.IV | Humanidades | Educación y Humanidades | Z1209.2.M4 P74 1993 | IIH000002674 | 30/01/2019 | 2 | 1.00 | Libro | |||||
| Biblioteca del Cogreso de los Estados Unidos | Biblioteca del Instituto de Investigaciones Históricas | Biblioteca del Instituto de Investigaciones Históricas | General | 25/06/2025 | 1a ed. | T.IV | Humanidades | Educación y Humanidades | Z1209.2.M4 P74 1993 | IIH000027335 | 25/06/2025 | 3 | 1.00 | Libro |